书目信息 |
| 题名: |
西安事变简史
|
|
| 作者: | ;西安事变是领导小组 编 | |
| 分册: | ||
| 出版信息: | 北京 中国文艺出版社 1986.12 |
|
| 页数: | 131页 | |
| 开本: | 20cm | |
| 丛书名: | ||
| 单 册: | ||
| 中图分类: | K264.8 | |
| 科图分类: | ||
| 主题词: | 中国--历史 | |
| 电子资源: | ||
| ISBN: | ||
| 000 | 00619nam0 2200205 45 | |
| 001 | 0312171466 | |
| 005 | 20040519082657.8 | |
| 010 | @dCNY1.25 | |
| 091 | @a11224.225 | |
| 100 | @a20031217d1986 km y0chiy0120 ea | |
| 101 | 0 | @achi |
| 105 | @ahba z 000yy | |
| 200 | 1 | @a西安事变简史@AXi An Shi Bian Jian Shi@f西安事变是领导小组编@FXi An ShiBian Shi Ling Dao Xiao Zu Bian |
| 210 | @a北京@c中国文艺出版社@d1986.12 | |
| 215 | @a131页@c照片,摹真,地图@d20cm | |
| 606 | 0 | @a中国@x历史 |
| 690 | @aK264.8@v3 | |
| 711 | 02 | @a西安事变是领导小组@4编 |
| 801 | @aCN@bPftUser@c20031217 | |
| 905 | @dK264.8@e28@f1@b166731@f1@b166557 | |
| 西安事变简史/西安事变是领导小组编.-北京:中国文艺出版社,1986.12 |
| 131页:照片,摹真,地图;20cm |
| ISBN :CNY1.25 |
| ● |
| 相关链接 |
|
|
|
|
正题名:西安事变简史
索取号:K264.8/28
 
预约/预借
| 序号 | 登录号 | 条形码 | 馆藏地/架位号 | 状态 | 备注 |
| 1 | 0166557 | 000352834 | 第二借阅区/ [索取号:K264.8/28] | 在馆 | |
| 2 | 0166558 | 001593065 | 密集书库/ [索取号:K264.8/28] | 在馆 | |
| 3 | 0166559 | 001593109 | 密集书库/ [索取号:K264.8/28] | 在馆 | |
| 4 | 0166560 | 000352843 | 第二样本阅览室/ [索取号:K264.8/28] | 在馆 | |
| 5 | 0166731 | 000352825 | 第二借阅区/ [索取号:K264.8/28] | 在馆 |